000
00288nam a2200121Ia 4500
008
190216s9999||||xx |||||||||||||| ||und||
100
_a
John Dover Wilson
245
0
_a
Loves Labour Lost
260
_b
Cambridge Uty Press
_c
1969
300
_a
213p
650
_a
English Drama
942
_c
BK
999
_c
12445
_d
12445